000 00466nam a22001697a 4500
003 CEME
005 20210628203531.0
008 210119b xxu||||| |||| 00| 0 eng d
040 _c.
082 _a297.63 MAK
100 _aAbdul Rauf Zafar. Prof Dr
_966085
245 _aMakalat-e-seerat-e- nabawi
260 _aBAWALPURE
_bISLAMIC PUBLICATIONS
_c2005
300 _a448P
650 _aISLAM-BIOGRAPHY-PROPHET MUHAMMAD PEACE BE UPON HIM
_924885
942 _cBK
_2ddc
999 _c574116
_d574116